| 000 | 01174nam a22002657a 4500 | ||
|---|---|---|---|
| 005 | 2010073102452.0 | ||
| 010 | _aENG-97452 B-423809 | ||
| 020 |
_a9780415553780 _c895.00 |
||
| 035 | _aEN-80985 | ||
| 035 | _aB-423809 | ||
| 037 | _bDBAD/PUB | ||
| 037 | _bAllied Publishers | ||
| 082 | _a203.8 | ||
| 245 |
_aRitual matters : _bdynamic dimensions in practice / _cby Christiane Brosius and Ute Husken |
||
| 260 |
_aNew Delhi _bRoutledge _c2010 |
||
| 270 |
_a912-915 Tolstoy House, 15-17 Tolstoy Marg, _bNew Delhi _e110 001 |
||
| 300 |
_avii, 403p. _c22 cm (Hb) |
||
| 500 | _aIncludes index | ||
| 700 |
_aBrosius, Christiane _92944 |
||
| 700 |
_aHusken, Ute _92945 |
||
| 942 |
_2ddc _cEN _h203.8 _mRIT |
||
| 999 |
_c38360 _d38360 |
||